| 000 -CABECERA |
| Longitud fija campo de control |
01098nam a22002657a 4500 |
| 003 - IDENTIFICADOR DEL NÚMERO DE CONTROL |
| Identificador del número de control |
OSt |
| 005 - FECHA Y HORA DE LA ÚLTIMA TRANSACCIÓN |
| Fecha y hora de la última transacción |
20180424172609.0 |
| 008 - CÓDIGOS DE INFORMACIÓN DE LONGITUD FIJA |
| Códigos de información de longitud fija |
180424e201802 spco |001 0bcat d |
| 017 ## - NÚMERO DE COPYRIGHT O DE DEPÓSITO LEGAL |
| Número de copyright o de depósito legal |
DL B 30114-2017 |
| Agencia que asigna el número |
Biblioteca de Catalunya |
| 020 ## - NÚMERO INTERNACIONAL NORMALIZADO PARA LIBROS |
| Número Internacional Normalizado para Libros (ISBN) |
9788494698255 |
| Qualifying information |
(Editorial Meteora ; |
| -- |
cartoné) |
| 020 ## - NÚMERO INTERNACIONAL NORMALIZADO PARA LIBROS |
| Número Internacional Normalizado para Libros (ISBN) |
9788491560746 |
| Qualifying information |
(Ajuntament de Barcelona ; |
| -- |
cartoné) |
| 040 ## - FUENTE DE LA CATALOGACIÓN |
| Centro catalogador de origen |
ES-BaCBA |
| Lengua de catalogación |
cat |
| Centro transcriptor |
CDMR |
| 100 1# - PUNTO DE ACCESO PRINCIPAL-NOMBRE DE PERSONA |
| Nombre de persona |
Pons, Agustí |
| Fechas asociadas al nombre |
1947- |
| Término indicativo de función |
autor |
| 9 (RLIN) |
2195 |
| 245 10 - MENCIÓN DE TÍTULO |
| Título |
Maria Aurèlia Capmany |
| Resto del título |
: l'època d'una dona : edició del centenari (1918-2018) / |
| Mención de responsabilidad, etc. |
Agustí Pons |
| 250 ## - MENCIÓN DE EDICIÓN |
| Mención de edición |
Edició del centenari, actualitzada i augmentada |
| 260 ## - PUBLICACIÓN, DISTRIBUCIÓN, ETC. (PIE DE IMPRENTA) |
| Lugar de publicación, distribución, etc. |
Barcelona : |
| Nombre del editor, distribuidor, etc. |
Editorial Meteora : |
| -- |
Ajuntament de Barcelona, |
| Fecha de publicación, distribución, etc. |
2018 |
| 300 ## - DESCRIPCIÓN FÍSICA |
| Extensión |
475 pàgines ; |
| Dimensiones |
22 cm |
| 504 ## - NOTA DE BIBLIOGRAFÍA, ETC |
| Nota de bibliografía, etc. |
Bibliografia: pàgines 435-441. Índex |
| 600 14 - PUNTO DE ACCESO ADICIONAL DE MATERIA - NOMBRE DE PERSONA |
| Nombre de persona |
Capmany, Maria Aurèlia |
| Fechas asociadas al nombre |
1918-1991 |
| 9 (RLIN) |
3036 |
| 600 14 - PUNTO DE ACCESO ADICIONAL DE MATERIA - NOMBRE DE PERSONA |
| Nombre de persona |
Capmany, Maria Aurèlia |
| Fechas asociadas al nombre |
1918-1991 |
| Subdivisión de materia general (R ) |
Biografia |
| 9 (RLIN) |
3036 |
| 650 04 - PUNTO DE ACCESO ADICIONAL DE MATERIA - TÉRMINO DE MATERIA |
| Término de materia o nombre geográfico como elemento inicial |
Dramaturgues |
| Subdivisión geográfica |
Catalunya |
| Subdivisión cronológica |
S. XX |
| Subdivisión de materia general |
Biografia |
| 650 #7 - PUNTO DE ACCESO ADICIONAL DE MATERIA - TÉRMINO DE MATERIA |
| Término de materia o nombre geográfico como elemento inicial |
Escriptores catalanes |
| Subdivisión cronológica |
S. XX |
| Subdivisión de materia general |
Biografia |
| Fuente del encabezamiento o término |
lemac |
| 710 1# - PUNTO DE ACCESO ADICIONAL - NOMBRE DE ENTIDAD |
| Nombre de entidad o nombre de jurisdicción como elemento inicial |
Barcelona (Catalunya). |
| Unidad subordinada |
Ajuntament |
| 942 ## - ENTRADA DE ELEMENTOS AGREGADOS (KOHA) |
| Koha [por defecto] tipo de item |
Monografies |